000 00726 a2200205 4500
020 _a0028625099
020 _a9780028625096
082 0 4 _a650.14
090 _c1990
_d1990
100 1 _aArco.
245 1 0 _aYou're hired! - secrets to job search /
_cArco.
250 _a1st ed ed.
260 _a[S.l.] :
_bArco,
_c1999.
300 _a264 p. ;
_c28 cm.
500 _aPaperback.
520 _aStraight talk on getting and keeping a job--from today's top corporate recruiters. Photos. Line drawings.
856 4 0 _3Amazon.com
_uhttp://www.amazon.com/exec/obidos/ASIN/0028625099/chopaconline-20
856 4 0 _3Amazon customer reviews
_uhttp://www.chopac.org/cgi-bin/tools/azrev.pl?q=0028625099
942 _aNBS
_cBK
_k650.14 SHA
999 _c344493
_d344493